O Papalagui (Registo nº 526)

Detalhes MARC
000 -Etiqueta do registo
Cabeçalho 00890nam0a2200265 4500
005 - Identificador da versão
Campo de controlo 20240813121805.0
010 ## - Número internacional normalizado dos livros (ISBN)
Número (ISBN) 9726080347
021 ## - Número do Depósito Legal
Código do país PT
Número 143593/99
100 ## - Dados gerais de processamento
Dados gerais de processamento 20150608d1999 a e0pory5003 ba
102 ## - Pais de publicação ou produção
País de publicação Portugal
101 1# - Língua de publicação
Língua do texto, banda sonora, etc. Português
Língua do documento no original Alemão
215 ## - Descrição física 
Indicação específica da natureza do documento e extensão da espécie 74, [5] p.
Outras indicações físicas il.
200 1# - Titulo e menção de responsabilidade
Título próprio O Papalagui
Informação de outro título discursos de Tuiavii chefe da tribo de Tiavéa nos mares do sul
Primeira menção de responsabilidade recolhidos por Erich Scheurmann
Outras menções de responsabilidade trad. de Luiza Neto Jorge
-- il. de Joost Swarte
210 ## - Publicação, Distribuição, etc. 
Lugar da edição, distribuição, etc. Lisboa
Nome do editor, distribuidor, etc. Antígona
Data da publicação, distribuição, etc. 1999
606 ## - Nome comum usado como assunto
Número de registo de entrada de autoridade 0002257
Palavra de ordem Literatura malaia-polinésia da Indochina
Subdivisão de assunto Discursos
Código do sistema CA
675 ## - Classificação Decimal Universal (CDU)
Notação 821.621.256-5
Edição 3ª ed.
Língua da edição por
702 #1 - Nome de autor-pessoa física (responsabilidade secundária)
Número de registo de entrada de autoridade 0002260
Palavra de ordem Scheurmann
Outra parte do nome não tomada para palavra de ordem Erich
Código de função Compilador
Número de registo de entrada de autoridade 0002261
Palavra de ordem Jorge
Outra parte do nome não tomada para palavra de ordem Luiza Neto
Código de função Tradutor
Número de registo de entrada de autoridade 0002262
Palavra de ordem Swarte
Outra parte do nome não tomada para palavra de ordem Joost
Código de função Ilustrador / Técnico de desenho computorizado
700 #0 - Nome de autor-pessoa física (responsabilidade principal)
Número de registo de entrada de autoridade 0002259
Palavra de ordem Tuiavii
966 ## - Identificação da Biblioteca
Sigla EB2,3ENM
942 ## - Elementos de entrada adicionados (Koha)
Tipo de item no Koha Livro
Exemplares
Situação do levantamento Origin of item (home branch) (coded) Biblioteca de empréstimo Código de barras Cota Circulation type (not for loan) Tipo de documento Nota do exemplar Damaged status
  Biblioteca Escolar Eng. Nuno Mergulhão Biblioteca Escolar Eng. Nuno Mergulhão BENM556 82LE-5 TUI   Livro Sem mensagem  
  Biblioteca Escolar Eng. Nuno Mergulhão Biblioteca Escolar Eng. Nuno Mergulhão BENM3481 82LE-5 TUI   Livro Sem mensagem